000 00980cam a22001694a 4500
005 20250605163404.0
008 250528s ||||||||||||||||||||||||d
035 _a18169
040 _aGR-AtMCL
_bgre
_dGR-AtMCL
_eAACR2
245 1 _aTo Βιβλίο της Pascal
260 _bΑ.Σταμουλης
_bΘεσσαλονίκη,
_c1989
300 _a320
520 _aΠρόλογος, Ιστορία της Pascal, Αρχιτεκτονική Προγράμματος, Θεμελιώδεις Έννοιες, Μορφές των Εντολών, Είσοδος και Έξοδος Δεδομένων, Πίνακες, Υποπρογράμματα, Pointers, Σύνολα, Παραδείγματα Ανακεφαλαίωσης, Ειδικά Θέματα στην Turbo Pascal, Αρχεία στην Turbo Pascal, Database Toolbox της Turbo Pascal, Λύσεις Ασκήσεων, Βιβλιογραφία, Ευρετήριο.
942 _cBK
999 _c3549
_d3549